| 000 | 01333nam0a2200325 4500 | ||
|---|---|---|---|
| 001 | RU\NLR\b_ik\191932 | ||
| 005 | 20260406030710.0 | ||
| 010 |
_a978-5-9925-0640-2 _91500 |
||
| 035 | _a(NLR Aleph) 002264381 | ||
| 090 |
_a3863474 _c3863474 |
||
| 100 | _a20111011d2011 |||y0rusy50 ca | ||
| 101 | 0 | _afre | |
| 102 | _aRU | ||
| 105 | _ay ||||||||| | ||
| 200 | 1 |
_aLes mots _e[книга для чтения на французском языке] _fJean-Paul Sartre _gкоммент. и слов. А.Г. Мигачевой |
|
| 210 |
_aСанкт-Петербург _cКАРО _d2011 |
||
| 215 |
_a284, [2] с. _d16 |
||
| 225 | 1 |
_aFrançais _iLittérature contemporaine |
|
| 300 | _aВ вып. дан.: Слова / Жан-Поль Сартр | ||
| 517 | 0 | _aСлова | |
| 600 | 0 | 1 |
_aСартр _bЖ. П. _f1905 - 1980 _gЖан-Поль _jВоспоминания, записки и т.п. _91597129 _3RU\NLR\AUTH\661001058 |
| 606 | 1 |
_aФранцузский язык _jКниги для чтения _91524672 _3RU\NLR\AUTH\66964829 |
|
| 686 | 1 | _aШ6(4Фр)62-440.4{Лх1649-50} | |
| 686 | 1 | _aШ5(4Фр)6-4Сартр12 | |
| 686 | 1 | _aШ147.11-93рус91 | |
| 700 | 1 |
_4070 _7ba _8fre _aSartre _bJ.-P. _f1905-1980 _gJean-Paul _9110989 _3RU\NLR\AUTH\77954 |
|
| 801 | 0 |
_aRU _bNLR _c20111011 _gRCR |
|
| 942 | _cBOOK | ||
| 980 | _aNB | ||